000 00406nam a2200181Ia 4500
005 20240823053726.0
008 240823s9999||||xx |||||||||||||| ||und||
041 _aENGLISH
082 _A425 N4
100 _a"Mcison,Margart.M"
245 0 _aExamine Your English
250 _a1st
260 _c1994
_b"Orient,Hydrabad"
500 _aYES
650 _aENG
_bEnglish
942 _cBK
999 _c224810
_d224810